000 00742nam a2200253Ia 4500
003 OSt
005 20220928123941.0
006 a|||||r|||| 00| 0
007 ta
008 220927b |||||||| |||| 00| 0 eng d
020 _c0
024 _a112204
037 _bGIFT, 21/07/2011, Gift
_cTextual
040 _aSDCL
_cSDCL
_beng
041 _2eng
_aeng
082 _aD65,4:92g, P2
100 _aGodara Lal Chand Ed.
_9462499
245 0 _aHandbook of antennas in wireless communications.
260 _aBoca Raton
_b CRC Press
_c2002
300 _axv,26-18+variouspages
_ccm.
650 _aGift
_9391569
942 _hD65,4:92g, P2
_cTEXL
_2CC
999 _c775474
_d775474